Kolson Trivia - Statistics

General Stats
  • This quiz has been taken 9 times
  • The average score is 7 of 15
Answer Stats
Hint Answer % Correct
Is kolson able to do his own work No
100%
Koslon Asian Nathan
75%
In squares, how does colson compare He doesnt
75%
Is kolson accepting of other communities No
75%
Kolsons Dad Ryan Eword
75%
Kolsons Favorite President The black guy
75%
Does kolson think hes black Yes
75%
Does kolson know the 1st president No
50%
Is colson against race Yes
50%
Kolsons Worst Asian
25%
Does kolson not like to like the same opposite people he is No
25%
3rd President The black guy
25%
Can kolson get 100% on this quiz Asian Nathan
0%
Can colson become president No
0%
Can kolson say the bad word No
0%
No matching quizzes found
Score Distribution
Percent of People with Each Score
Percentile by Number Answered
Your Score History
You have not taken this quiz